[Event "XXVII RUS-chT Premier 2020"]
[Site "Sochi"]
[Date "2020.11.27"]
[Round "8.18"]
[White "Grachev, Boris"]
[Black "Frolov, Aleksey G."]
[Result "1-0"]
[WhiteElo "2612"]
[BlackElo "2025"]
[Annotator "TA"]
[PlyCount "81"]
[EventDate "2020.11.19"]
[EventType "team-tourn"]
[EventCountry "RUS"]
[SourceTitle "playchess.com"]
[Source "ChessBase"]
[SourceQuality "1"]

{[%evp 16,81,41,21,37,34,56,25,22,21,38,16,82,83,79,85,86,80,96,97,91,91,84,72,98,98,102,102,187,187,185,175,224,204,356,358,309,365,365,368,353,365,326,316,367,361,348,349,354,362,354,357,351,360,391,383,345,329,395,445,1657,281,1657,1599,1571,1435,920,680]} 1. Nf3 Nf6 2. c4 g6 3. Nc3 d5 4. cxd5 Nxd5 5. e4 Nxc3 6. bxc3 Bg7 7. d4 c5 8. Bb5+ Bd7 9. Rb1 O-O {D85: Exchange Grünfeld: Unusual White 7th moves and lines with 7 Nf3.} 10. O-O Bg4 11. Be3 {[#]} Nc6 $146 {White has an edge.} ({Predecessor:} 11... cxd4 12. cxd4 Nc6 13. d5 Ne5 14. Be2 Bxf3 15. gxf3 b6 16. Ba6 f5 17. f4 Ng4 18. e5 e6 19. h3 Nxe3 20. fxe3 {½-½ (54) Zelesco,K (2318)-O'Chee,K (2058) Cammeray 2015}) 12. d5 Ne5 13. Be2 {White wants to play Nxe5.} b6 {[#]} (13... Nxf3+ $1 $11 14. Bxf3 Bxf3 15. Qxf3 b6) 14. Nxe5 $1 $16 {White leaves nothing to chance now.} Bxe2 15. Qxe2 {Threatens to win with Nc6.} Bxe5 16. c4 e6 17. f4 $36 {[%mdl 2048] Black is under strong pressure.} Bg7 {[#]} 18. Rbd1 $1 Qe8 19. d6 Rd8 20. e5 f6 21. Bf2 fxe5 (21... Rf7 $16 {is a better defense.}) 22. Bh4 $18 ({But not} 22. fxe5 $6 Rd7 $16) 22... Rd7 23. fxe5 Rxf1+ 24. Rxf1 Rf7 $2 (24... a6 {keeps fighting.} 25. h3 Rb7) 25. Rxf7 Qxf7 26. Qf3 Qd7 27. Qa8+ Kf7 28. Bg3 Bf8 29. h4 Bh6 30. Kh2 (30. Qh8 Bg7 $18) 30... Bg7 31. Bf4 Bf8 32. h5 gxh5 33. Qf3 {White wants to mate with Bh6+.} Kg8 34. Qxh5 Qf7 35. Qg5+ Bg7 36. Bg3 Kf8 37. Bh4 h6 (37... a6 $142 38. Qd8+ Qe8) 38. Qd8+ Qe8 39. d7 {[%csl Gd8][%cal Rd7e8] White is clearly winning.} Bxe5+ 40. Kh3 Qxd8 41. Bxd8 {Weighted Error Value: White=0.03/Black=0.24} 1-0

[Event "XXVII RUS-chT Premier 2020"]
[Site "Sochi"]
[Date "2020.11.27"]
[Round "8.19"]
[White "Goryachkina, Aleksandra"]
[Black "Triapishko, Alexandr"]
[Result "1/2-1/2"]
[WhiteElo "2592"]
[BlackElo "2506"]
[Annotator "TA"]
[PlyCount "63"]
[EventDate "2020.11.19"]
[EventType "team-tourn"]
[EventCountry "RUS"]
[SourceTitle "playchess.com"]
[Source "ChessBase"]
[SourceQuality "1"]

{[%evp 25,63,17,24,23,24,17,24,22,23,22,20,20,22,22,20,20,29,19,22,0,0,0,0,0,0,0,0,-8,-8,-8,0,0,0,0,0,0,0,0,0,0]} 1. Nf3 Nf6 2. c4 e6 3. Nc3 d5 4. d4 Bb4 5. Bg5 h6 6. Bxf6 Qxf6 7. Qb3 c5 8. cxd5 exd5 9. e3 O-O 10. dxc5 Bxc3+ 11. Qxc3 Qxc3+ 12. bxc3 Nd7 13. Rd1 Nxc5 14. Rxd5 {D38: Queen's Gambit Declined: Ragozin Defence (4 Nf3 Bb4).} b6 15. c4 {is the legacy move (15.Rd4).} Be6 {[#]} 16. Rd2 $146 {White has an edge.} ({Predecessor:} 16. Rd4 Rfc8 17. g4 Rc7 18. g5 hxg5 19. Nxg5 Bf5 20. Bg2 Rac8 21. O-O Ne6 22. Nxe6 fxe6 {½-½ (39) Onischuk,A (2660)-Lenderman,A (2587) Saint Louis 2012}) 16... Rac8 17. Nd4 Ne4 18. Rc2 Nd6 19. Bd3 Bxc4 20. Bxc4 Nxc4 21. Ke2 Na3 {The position is equal.} 22. Rxc8 (22. Rcc1 {looks sharper.} Nc4 23. Rhd1 Rfe8 24. Rc3 Re5 25. Nb3) 22... Rxc8 $11 {[%mdl 4096] Endgame KRN-KRN} 23. Rd1 g6 24. Rd3 Nb1 25. Rb3 Nc3+ 26. Kd3 Nxa2 27. Kd2 $1 Rc7 28. Nb5 Rd7+ 29. Nd4 {[#] aiming for Rb2.} Rc7 30. Nb5 Rd7+ 31. Nd4 {Strongly threatening Rb2.} Rc7 32. Nb5 {Not much happened in this game.  Weighted Error Value: White=0.02/Black=0.01} 1/2-1/2

[Event "XXVII RUS-chT Premier 2020"]
[Site "Sochi"]
[Date "2020.11.27"]
[Round "8.20"]
[White "Kardashevskiy, Evgeny"]
[Black "Kobalia, Mikhail"]
[Result "0-1"]
[WhiteElo "2436"]
[BlackElo "2590"]
[Annotator "TA"]
[PlyCount "94"]
[EventDate "2020.11.19"]
[EventType "team-tourn"]
[EventCountry "RUS"]
[SourceTitle "playchess.com"]
[Source "ChessBase"]
[SourceQuality "1"]

{[%evp 20,94,37,32,36,21,45,34,20,13,40,13,16,0,46,0,6,-20,17,0,0,-34,12,-79,-72,-106,-25,0,0,-153,-150,-145,-133,-138,-156,-141,-115,-154,-157,-145,-60,-157,-190,-213,-209,-208,-189,-173,-171,-837,-855,-859,-816,-875,-867,-795,-740,-732,-709,-699,-693,-668,-602,-1971,-1961,-29980,-29981,-29981,-29979,-2581,0,-29980,-29981,-29981,-29982,-29986,-29987]} 1. d4 Nf6 2. c4 g6 3. Nf3 Bg7 4. Nc3 O-O 5. e4 d6 6. h3 e5 7. d5 a5 8. g4 Na6 9. Be3 Nc5 10. Nd2 c6 11. Be2 a4 {E92: King's Indian: Classical: 6 Be2 e5: 7 dxe5, 7 Be3 and Petrosian System without 7...Nbd7.} 12. a3 Bd7 13. h4 cxd5 {White is slightly better.} 14. cxd5 Ne8 15. g5 f6 16. Rg1 {[#]} Rf7 $146 ({Predecessor:} 16... f5 17. h5 Rf7 18. exf5 Bxf5 19. h6 Bf8 20. Bxc5 dxc5 21. Nc4 e4 22. Qd2 Nd6 {0-1 (40) Kobo,O (2501)-Can,E (2561) Budapest 2017}) 17. Bc4 Qa5 18. Qe2 f5 19. f3 Nc7 20. Rh1 b5 21. Ba2 (21. Bxc5 $11 dxc5 22. d6) 21... N7a6 $17 22. h5 b4 ({Better is} 22... fxe4 $17 23. fxe4 b4 24. hxg6 (24. Nc4 Qc7 $17) 24... hxg6) 23. hxg6 hxg6 24. axb4 $2 (24. Nc4 $11 Qc7 25. axb4 Nxb4 26. Bb1 (26. Qh2 $2 Nxa2 27. Nxd6 Qxd6 $19)) 24... Nxb4 {And now ...Nc2+ would win.} 25. Bb1 f4 $1 $36 {[%cal Rf4e3][%mdl 2048] Black is in control.} 26. Bg1 {[#]} Rff8 $1 27. Ra3 Rfb8 28. Nc4 Qc7 29. Nd2 Bc8 (29... Rc8 $17 30. Kf1 Rab8) 30. Qh2 {[#]} ({White should try} 30. Bxc5 $15 Qxc5 31. Nd1) 30... Nbd3+ $1 31. Ke2 Rxb2 32. Qh7+ Kf8 33. Bxd3 Nxd3 34. Qxg6 $2 (34. Rh6 Ba6 35. Rxg6) 34... Nc1+ $19 35. Kd1 Nb3 36. Nxb3 Qxc3 {[%mdl 64] Double Attack, Pin} 37. Qxd6+ {[#]} Kf7 $1 {[%mdl 512]} 38. g6+ {[#]} Ke8 $1 {[%mdl 512] ( -> ...Qd3+)} 39. Qc6+ Qxc6 40. dxc6 Rxb3 41. Rh7 Rxa3 42. Bc5 Rc3 43. Bb4 Rb3 44. Bc5 Rc3 45. Bb4 Rc4 {Black mates.} 46. Ba3 Ra7 47. Bb2 Rxc6 {Weighted Error Value: White=0.65/Black=0.34} 0-1

[Event "XXVII RUS-chT Premier 2020"]
[Site "Sochi"]
[Date "2020.11.27"]
[Round "8.21"]
[White "Demidov, Mikhail"]
[Black "Musalov, Ruslan"]
[Result "1-0"]
[WhiteElo "2526"]
[BlackElo "2348"]
[Annotator "TA"]
[PlyCount "125"]
[EventDate "2020.11.19"]
[EventType "team-tourn"]
[EventCountry "RUS"]
[SourceTitle "playchess.com"]
[Source "ChessBase"]
[SourceQuality "1"]

{[%evp 20,125,34,26,72,62,81,76,73,78,137,143,157,154,243,240,243,228,237,137,137,149,135,113,177,183,185,174,248,241,260,230,242,226,225,232,233,219,216,221,295,294,285,285,297,307,299,185,278,169,201,180,333,346,412,329,354,279,461,254,254,237,209,113,112,106,771,721,782,763,2148,1960,29976,29948,6303,1030,1055,981,1245,1268,1708,1753,1545,1589,2215,1961,2234,1930,1758,1559,2641,2190,5591,5510,5615,5414,4627,1591,1050,0,2716,2286,1848,1619,29985,29986,29990,29987]} 1. d4 d5 2. c4 dxc4 3. e4 e5 4. Nf3 exd4 5. Bxc4 Nc6 6. O-O Be6 7. Bxe6 fxe6 8. Qb3 Qd7 9. Qxb7 Rb8 10. Qa6 Nf6 {10...Nge7 is more fashionable.} 11. Nbd2 Be7 {D20: Queen's Gambit Accepted: 3 e3 and 3 e4.} 12. a3 O-O 13. b4 {[#]} Ng4 $146 {White is better.} ({Predecessor:} 13... Rb6 14. Qc4 Kh8 15. Bb2 e5 16. Rfc1 Bd6 17. Ne1 Nd8 18. Nd3 Ne6 19. Re1 Nh5 {1-0 (43) Korobov,A (2688)-Garcia Ramos,D (2367) chess.com INT 2020}) 14. Bb2 Bf6 (14... Nge5 $142) 15. Rac1 $16 Rb6 16. Qa4 $1 Qd6 (16... Rf7 $16 {is a better defense.}) 17. g3 $18 {Nc4 is the strong threat.} (17. Nc4 Qf4 $16) 17... Nce5 18. Nxe5 Nxe5 19. Qb3 (19. f4 $1 $18 {[%cal Rf4e5]} Nd3 {[%mdl 64] Double Attack} 20. e5 Nxb2 21. Qc2 Bxe5 22. fxe5 Rxf1+ 23. Rxf1 Qxe5 24. Qxb2 Qe3+ 25. Kg2) 19... Qd7 $16 20. f4 Ng4 21. Nc4 {[%cal Bd2c4,Bc4a5,Ba5c6][%mdl 32] Threatens to win with e5.} Rbb8 (21... Rb5 $16 {was called for.}) 22. e5 $36 {[%mdl 2048] White is in control.} Be7 23. Qd1 $1 {[%csl LRd4,LRg4][%mdl 64] Double Attack} Nh6 (23... h5 {might work better.}) 24. Bxd4 a6 25. Na5 {Hoping for Nc6.} Rb5 {next ...Rd5 is good for Black.} 26. Bc5 Qxd1 27. Rfxd1 Bxc5+ 28. Rxc5 Rxc5 29. bxc5 {[%mdl 4096] Endgame KRN-KRN} Ng4 30. Nc6 g5 31. Rd4 (31. fxg5 Ne3 $18) 31... Kg7 32. h3 (32. fxg5 Ne3 $18) 32... Ne3 33. Kf2 ({Inferior is} 33. fxg5 Rf1+ 34. Kh2 Rf2+ 35. Kg1 Rf1+ 36. Kh2 Rf2+ 37. Kg1 Rf1+ $11) 33... gxf4 (33... Nd5 $142 34. Nb4 gxf4) 34. gxf4 Nd5 35. Kf3 Kg6 $2 {[#]} (35... a5 36. a4 (36. Nxa5 Ra8 $16) 36... Kg6 37. Nxa5 Rb8) 36. Nb4 $1 {[%cal Rb4d5]} Nxb4 37. axb4 {KR-KR} ({Weaker is} 37. Rxb4 Rd8 $16) 37... Rb8 38. Ke3 Rb5 $2 {[#]} (38... Rb7 {was worth a try.} 39. c6 Rb6) 39. Rd8 (39. Rd6 $142 $3 {[%mdl 512]}) 39... Rxb4 40. Rf8 Rb3+ 41. Ke4 ({Better is} 41. Ke2 $18) 41... Rb4+ $16 42. Kf3 {Black must now prevent Rf6+.} Rb7 $2 {[%mdl 8192]} (42... Rb3+ $16 43. Kg4 Kg7) 43. Rf6+ $18 {[%mdl 64] Double Attack} Kg7 44. Rxe6 Ra7 45. Re7+ Kf8 46. Rxh7 a5 47. Rd7 (47. f5 $142 Kg8 48. Rd7) 47... a4 48. Rd2 a3 49. Ra2 Ra4 50. Kg4 Ke7 51. Kf5 Ra8 52. c6 Rf8+ 53. Ke4 Ra8 54. h4 Ke6 55. f5+ Ke7 56. Kf4 Ra4+ 57. Kg5 Ra5 58. Kg6 (58. h5 $142 Rxe5 59. Rxa3) 58... Ra4 59. Kg5 (59. f6+ $142 Ke6 60. h5) 59... Ra5 $1 60. h5 Rxe5 61. Rxa3 Rc5 62. h6 Kf7 63. Ra8 {Weighted Error Value: White=0.27/Black=0.52} 1-0

[Event "XXVII RUS-chT Premier 2020"]
[Site "Sochi"]
[Date "2020.11.27"]
[Round "8.22"]
[White "Truskavetsky, Alexandr"]
[Black "Murzin, Volodar"]
[Result "1/2-1/2"]
[WhiteElo "2399"]
[BlackElo "2470"]
[Annotator "TA"]
[PlyCount "80"]
[EventDate "2020.11.19"]
[EventType "team-tourn"]
[EventCountry "RUS"]
[SourceTitle "playchess.com"]
[Source "ChessBase"]
[SourceQuality "1"]

{[%evp 18,80,45,64,73,77,65,35,88,67,82,77,68,2,16,0,0,0,0,-75,-83,-150,-4,-41,-40,-37,-54,-100,-113,-120,-95,-100,-83,-133,-110,-135,-123,-132,0,0,0,0,0,0,0,0,0,0,0,0,0,0,0,0,0,0,0,0,0,0,0,0,0,0,0]} 1. d4 Nf6 2. Nf3 g6 3. g3 Bg7 4. Bg2 O-O 5. O-O d6 6. c4 Nbd7 7. Nc3 e5 8. e4 a6 9. Qc2 exd4 10. Nxd4 Ne5 {10...Rb8 is setting a new trend. E68: King's Indian: Fianchetto: 6...Nbd7 7 0-0 e5 8 e4.} 11. b3 {[#]} Nh5 $146 ({Predecessor:} 11... Bd7 12. a4 Nc6 13. Nde2 Nb4 14. Qd2 a5 15. Ba3 Re8 16. f3 c6 17. Rad1 Qb6+ 18. Qd4 Qxd4+ 19. Nxd4 {½-½ (44) Nogueiras Santiago,J (2559)-Wojtaszek,R (2625) Havana 2008}) 12. Nde2 b5 (12... f5 $14) 13. f4 $16 (13. cxb5 $6 axb5 14. Nxb5 Ba6 $11) 13... b4 14. fxe5 Bxe5 {[%mdl 64] Pin} 15. Bf4 ({Better is} 15. Bh6 $14 bxc3 16. Bxf8 (16. Nxc3 Re8 $14) 16... Qxf8 17. Rad1 (17. Nxc3 Bd4+ 18. Rf2 Nf6 $11)) 15... bxc3 16. Rad1 Nxf4 17. gxf4 Bg7 18. e5 (18. Nxc3 $11 Bg4 19. Rd3) 18... Bg4 $17 19. c5 (19. Bf3 $142 Qh4 20. exd6) 19... Qb8 (19... Rc8 $17 20. cxd6 cxd6 21. Rxd6 Qc7) 20. h3 Bxe2 21. Qxe2 Ra7 22. c6 dxe5 23. f5 e4 24. Bxe4 Ra8 25. Rd7 Qb6+ 26. Kg2 {next fxg6 is good for White.} Rae8 27. fxg6 fxg6 ({Black should play} 27... hxg6 $17 28. Qc4 Qe3 29. Rfxf7 Kh8) 28. Bd5+ $11 {The position is equal.} Kh8 29. Rxf8+ Rxf8 {[#]} 30. Rxg7 $1 {[%mdl 512] Threatening mate with Rg8+!} Qd4 $1 {[%cal Rd4d5]} (30... Kxg7 31. Qe7+) 31. Rd7 (31. Rxc7 Qxd5+ 32. Kh2 Qd6+ 33. Kh1 Qxc7 34. Qg2 Qd6 35. c7 Qd1+ 36. Kh2 c2 37. c8=Q Rxc8 38. Qf2 Qd6+ 39. Qg3 Qxg3+ 40. Kxg3 c1=Q 41. Kf3 Re8 42. Kg3 Qg1+ 43. Kf4 {[#]} Qg2 $1 {[%mdl 512]} 44. h4 Re4#) 31... Qf6 32. Be4 {Rd5 is the strong threat.} c2 $1 {[%cal Rc2c1]} 33. Qxc2 Qf1+ 34. Kg3 Qf4+ 35. Kg2 {Strongly threatening Qc3+.} Qf1+ 36. Kg3 {Black must now prevent Qc3+.} Qf4+ 37. Kg2 {And now Qc3+ would win.} Qf1+ 38. Kg3 Qf4+ 39. Kg2 {aiming for Qc3+.} Qf1+ 40. Kg3 {Hoping for Qc3+.} Qf4+ {Weighted Error Value: White=0.24/Black=0.22} 1/2-1/2

[Event "XXVII RUS-chT Premier 2020"]
[Site "Sochi"]
[Date "2020.11.27"]
[Round "8.23"]
[White "Belyakov, Bogdan"]
[Black "Alexeev, Alexey"]
[Result "1-0"]
[WhiteElo "2450"]
[BlackElo "2246"]
[Annotator "TA"]
[PlyCount "91"]
[EventDate "2020.11.19"]
[EventType "team-tourn"]
[EventCountry "RUS"]
[SourceTitle "playchess.com"]
[Source "ChessBase"]
[SourceQuality "1"]

{[%evp 22,91,0,0,16,7,15,0,8,8,30,20,32,-11,35,14,26,0,66,13,16,0,0,-13,-27,-27,-27,-11,-10,-31,-25,-64,0,0,0,0,127,127,190,130,321,321,320,312,283,293,293,311,308,289,616,576,525,513,470,508,507,471,519,535,505,522,507,490,654,627,647,622,620,547,1095,1047]} 1. e4 e6 2. d4 d5 3. Nc3 Bb4 4. e5 c5 5. a3 Bxc3+ 6. bxc3 Ne7 7. a4 Qa5 8. Bd2 Nbc6 9. Nf3 h6 10. Bd3 c4 11. Be2 Bd7 12. O-O O-O-O {C19: French: 3 Nc3 Bb4: Main line: 7 Nf3 and 7 a4.} 13. Qc1 Kb8 14. Qa3 Ka8 {The position is equal.} 15. Rfb1 {[#]} Qc7 $146 ({Predecessor:} 15... Rb8 16. Qd6 Qd8 17. a5 Nc8 18. Qc5 b6 19. axb6 Rxb6 20. Qa3 Rxb1+ 21. Rxb1 Qa5 {1-0 (32) Velasquez Ojeda,C (2336)-Pineda Polanco,A (2315) Santiago de Chile 2009}) 16. a5 Be8 17. Bc1 Nb8 18. Qa2 Nc8 19. Nd2 Na6 (19... f6 $11) 20. f4 (20. Ba3 $14) 20... Bc6 $11 21. Nf1 h5 22. Nd2 f6 23. Nf3 h4 24. Bd2 Be8 25. Be1 Bh5 26. Rb5 Qe7 ({Black should try} 26... Ne7 $1 $15) 27. Rab1 {Qb2 is the strong threat.} Rd7 28. Nxh4 Bxe2 (28... fxe5 $11 29. Bxh5 Rxh5) 29. Ng6 $1 $36 {[%csl LRe7,LRh8][%mdl 2112] Double Attack. Keeping Black busy.} Qd8 (29... Qe8 $16 30. Nxh8 fxe5 31. dxe5 Qxh8) 30. Nxh8 ({White should play} 30. Qb2 $18 {[%cal Rb5b7]} Ne7 31. Nxh8 Qxh8 32. exf6 (32. Rxb7 Qc8 $18) 32... gxf6 33. Rxb7) 30... Qxh8 $2 {Black cannot hold the game after this.} (30... fxe5 $16 {was necessary.} 31. Ng6 exd4) 31. Qb2 $18 {[%cal Rb5b7]} Ne7 32. Rxb7 Qc8 {[#]} 33. Rxd7 $1 Qxd7 34. exf6 gxf6 35. Bh4 Ng8 $2 (35... Bh5 36. Bxf6 Nc6) 36. Qa3 {Threatening mate with Qf8+.White is clearly winning.} Qd8 {If only Black now had time for ...Bg4....} 37. Qa4 {[%cal Ra4c6]} Qc8 {[#]} 38. f5 $1 {[%mdl 512]} Bg4 (38... exf5 39. Qb5) 39. Qb5 {aiming for Bg3.} Ne7 ({Weaker is} 39... Bxf5 40. Bg3) 40. Bxf6 Nc6 41. fxe6 Bxe6 42. Bh4 Nab8 43. Bg3 a6 44. Qc5 Nd7 45. Qd6 Ndb8 46. h4 {Weighted Error Value: White=0.12/Black=0.37} 1-0

[Event "XXVII RUS-chT Premier 2020"]
[Site "Sochi"]
[Date "2020.11.27"]
[Round "8.24"]
[White "Linker, Mikhail"]
[Black "Potapov, Pavel"]
[Result "1/2-1/2"]
[WhiteElo "2269"]
[BlackElo "2482"]
[Annotator "TA"]
[PlyCount "106"]
[EventDate "2020.11.19"]
[EventType "team-tourn"]
[EventCountry "RUS"]
[SourceTitle "playchess.com"]
[Source "ChessBase"]
[SourceQuality "1"]

{[%evp 24,106,10,10,18,0,18,13,19,14,21,19,23,22,30,32,60,51,59,59,52,49,71,-12,-11,-6,-12,-114,-127,-135,-139,-142,-132,-138,-100,-101,-100,-100,-68,-95,-61,-59,-31,-87,-79,-63,-67,-87,-49,-93,-74,-70,-71,-77,-67,-67,-67,-67,-67,-67,-66,-67,-67,-67,-67,-92,-74,-68,0,-70,-35,-35,-35,-73,0,0,0,-49,0,-193,0,-64,-63,-459,-466]} 1. e4 e5 2. Nf3 Nc6 3. Nc3 Nf6 4. d4 exd4 5. Nxd4 Bb4 6. Nxc6 bxc6 7. Bd3 d5 8. exd5 cxd5 9. O-O O-O 10. Bg5 c6 11. Qf3 Be7 12. h3 h6 $1 {The main line 12...h6 scores better than 12...Be6.} 13. Bh4 Be6 {C47: Scotch Four Knights and Four Knights with 4 g3.} 14. Rad1 Rb8 15. b3 {[%cal Bb2b3,Bb3b4][%mdl 32]} Rb4 {The position is equal.} 16. Bg3 Bd6 17. Rfe1 Bxg3 {[#]} 18. Qxg3 $146 ({Predecessor:} 18. fxg3 Qd6 19. Kh1 a5 20. Na4 c5 21. c3 Rbb8 22. Bc2 Qc7 23. Re2 Bd7 24. Nb2 {0-1 (44) Kobald,J (1921)-Muetsch,A (2146) Bad Blankenburg 2018}) 18... Qa5 19. a3 Rbb8 20. b4 Qd8 ({Avoid the trap} 20... Qxa3 $2 {[#]} 21. Nxd5 $1 {[%mdl 512]} Nxd5 22. Bh7+ $1 {[%mdl 512]} Kxh7 23. Qxa3 $18) 21. Na4 Nd7 22. Qd6 Rc8 23. Rxe6 (23. Re3 $16) 23... fxe6 $11 24. Qxe6+ Kh8 25. Bf5 (25. Qg6 $11 Nf6 26. Nc5) 25... Qg5 $17 26. Qxd7 {g4 is the strong threat.} Qxf5 27. Qxf5 Rxf5 {[%mdl 4096] Endgame KRR-KRN} 28. Nc5 Re8 29. Nb3 Rf6 30. Kf1 g5 31. Nd4 Kh7 32. Rd3 a5 33. f3 (33. Rc3 $1 $15) 33... axb4 34. axb4 Rb8 35. c3 Rc8 36. Nb3 Re6 37. Kf2 Ra8 38. Rd2 Ra3 39. Nd4 Rf6 40. Rc2 Kg6 41. Ke3 Ra1 42. Re2 h5 43. Kd3 h4 44. Nb3 Ra3 45. Nd4 Ra1 46. Nb3 $1 {[%cal Rb3a1]} Ra8 47. Nd4 Ra3 48. Ne6 Kf5 49. Ng7+ $1 Kg6 50. Ne6 Kf5 51. Nd4+ $2 (51. Ng7+ $1 $11 Kg6 52. Ne6) 51... Kg6 $2 (51... Kf4 $19 {aiming for ...Kg3.} 52. Rb2 Kg3) 52. Re7 ({White should try} 52. Ne6 $11) 52... Ra2 $15 53. Rc7 $2 {[%mdl 8192]} (53. Nc2 $15) 53... Rxg2 {[%mdl 32768] Weighted Error Value: White=0.42/Black=0.18. An unexpected result.} 1/2-1/2

[Event "XXVII RUS-chT Premier 2020"]
[Site "Sochi"]
[Date "2020.11.27"]
[Round "8.25"]
[White "Lobanov, Sergei"]
[Black "Andreikin, Dmitry"]
[Result "1/2-1/2"]
[WhiteElo "2522"]
[BlackElo "2726"]
[Annotator "TA"]
[PlyCount "80"]
[EventDate "2020.11.19"]
[EventType "team-tourn"]
[EventCountry "RUS"]
[SourceTitle "playchess.com"]
[Source "ChessBase"]
[SourceQuality "1"]

{[%evp 13,80,29,37,16,26,7,8,12,28,34,41,43,36,25,26,23,39,16,27,10,44,44,37,29,40,20,10,6,22,12,12,3,3,4,2,0,0,0,1,0,1,0,9,6,4,4,6,4,8,8,19,10,16,12,11,10,11,0,8,0,11,0,8,0,11,0,8,0,10]} 1. e4 e5 2. Nf3 Nf6 3. d4 Nxe4 4. Bd3 d5 5. Nxe5 Nd7 6. Nxd7 Bxd7 7. O-O Be7 8. Nd2 {C43: Petroff Defence: 3 d4.} Nf6 9. h3 O-O 10. Re1 {[#]} c5 $146 ({Predecessor:} 10... Re8 11. Nf3 c5 12. c3 Qb6 13. Ne5 Be6 14. Re2 Rac8 15. Be3 Nd7 16. f4 Nxe5 17. fxe5 {1-0 (29) Peschansky,M-Goreskul,A (2144) Voronezh 1999}) 11. dxc5 Bxc5 12. Nb3 Bb6 13. Be3 Re8 14. Qf3 a5 15. Bxb6 Qxb6 16. Qf4 a4 17. Qd4 Qc7 18. Nd2 {[%cal Bb3d2,Bd2f3,Bf3e5][%mdl 32]} a3 19. Rxe8+ Rxe8 {The position is equal.} 20. bxa3 Bc6 21. Nf3 Qa5 22. Qb4 Ra8 23. Ne5 Qxa3 24. Qxa3 Rxa3 25. Rb1 g6 26. Rb6 Rxa2 27. Nxc6 Ra1+ 28. Kh2 bxc6 29. Rxc6 $11 {[%mdl 4096] Endgame KRB-KRN} Kg7 30. Kg3 Re1 31. f3 g5 32. h4 h6 33. hxg5 hxg5 34. Kf2 Re5 35. Rd6 Ne8 36. Rc6 Nf6 37. Rd6 Ne8 38. Rc6 Nf6 39. Rd6 Ne8 40. Rc6 Nf6 {Weighted Error Value: White=0.06/Black=0.05} 1/2-1/2

[Event "XXVII RUS-chT Premier 2020"]
[Site "Sochi"]
[Date "2020.11.27"]
[Round "8.26"]
[White "Dreev, Aleksey"]
[Black "Shubin, Kirill"]
[Result "0-1"]
[WhiteElo "2655"]
[BlackElo "2441"]
[Annotator "TA"]
[PlyCount "87"]
[EventDate "2020.11.19"]
[EventType "team-tourn"]
[EventCountry "RUS"]
[SourceTitle "playchess.com"]
[Source "ChessBase"]
[SourceQuality "1"]

{[%evp 14,87,22,15,24,6,14,9,18,11,17,17,26,12,28,20,18,11,16,20,35,13,41,38,45,-66,-51,-61,-53,-280,-283,-275,-283,-283,-277,-267,-279,-287,-240,-258,-235,-278,-252,-314,-253,-359,-247,-306,-282,-258,-214,-209,-145,-355,-355,-350,-332,-639,-633,-1146,-1129,-1001,-875,-1025,-1007,-1916,-1906,-1472,-1447,-1265,-1262,-519,-495,-561,-468,-29993]} 1. d4 e6 2. c4 Nf6 3. Nc3 Bb4 4. e3 O-O 5. Bd2 b6 6. Nf3 Bb7 7. Bd3 d6 8. O-O Nbd7 {E21: Nimzo-Indian: 4 Nf3.} 9. Rc1 e5 {Strongly threatening ...Bxc3.} 10. Bb1 {[#]} a5 $146 {The position is equal.} ({Predecessor:} 10... Re8 11. d5 a5 12. Ne2 Bxd2 13. Nxd2 Nc5 14. Ng3 Bc8 15. b3 Rf8 16. Qc2 g6 {½-½ (65) Dobrotka,M (2219)-Machalova,E (2142) Slovakia 2009}) 11. a3 Bxc3 12. Bxc3 {[%cal Rd4e5]} Qe7 13. Nd2 Rfe8 14. b3 {[%cal Bb2b3,Bb3a4][%mdl 32]} exd4 15. exd4 d5 16. Bb2 a4 17. bxa4 dxc4 18. Nxc4 Nd5 {Hoping for ...Nf4.} 19. Ne5 ({White should play} 19. g3 $14) 19... Nxe5 $15 20. dxe5 Nf4 $1 21. Qg4 $2 (21. f3 $15) 21... Rxa4 $19 22. e6 fxe6 23. Be5 {[#]} h5 $1 {[%cal Rh5g4]} 24. Qxf4 Rxf4 25. Bxf4 e5 26. Be3 Ra8 27. Rfd1 Rxa3 28. Bd3 Bd5 29. Be2 (29. Bf1 $142 Ra5 30. Rd2) 29... Bf7 30. h4 {[#] intending Bg5.} Rxe3 $1 31. fxe3 c5 32. Rb1 Qc7 33. Bf3 $2 {This move loses the game for White.} (33. Ra1 $17) 33... c4 34. Be4 g6 35. Rb5 $2 (35. Ra1) 35... c3 {Black is clearly winning.} 36. Kf2 c2 37. Rc1 Qc4 38. Rxe5 Qc3 39. Rd5 Bxd5 40. Bxd5+ Kg7 {( -> ...Qd2+)} 41. Ke2 Qb2 42. Kd2 Qb4+ {[%mdl 64] Double Attack} 43. Kd3 Qa3+ {[%mdl 64] Double Attack} 44. Kd4 {Weighted Error Value: White=0.68/Black=0.21} (44. Kxc2 $19 Qc5+ {[%mdl 64] Double Attack} 45. Kb2 Qxd5 46. Rc7+ Kf6 47. Rc2) 0-1